000 00675nam a2200205 i 4500
001 183388
003 ES-MaACL
005 20250930063156.0
008 140411s1912 it | |||| ||ita d
100 1 _aFolengo, Teofilo,
_dca. 1491-ca. 1554
_9154681
245 1 0 _aOpere italiane.
_nII /
_cTeofilo Folengo ; a cura di Umberto Renda.
260 _aBari :
_bGius. Laterza & Figli,
_c1912.
300 _a318 p. ;
_c21 cm.
490 1 _aScrittori d'Italia ;
_v28
505 8 _aContiene: La umanitá del figliuolo di dio
700 1 _aRenda, Umberto.
_9154687
830 0 0 _aScrittori d'Italia
_v28
_9191925
852 _aES-MaACL
_jG-3729
999 _c183388
_d183388